[Event "Prague op"]
[Site "Prague"]
[Date "2023.06.23"]
[Round "2"]
[White "Plat, Vojtech"]
[Black "Moritz, Aron"]
[Result "1-0"]
[WhiteElo "2516"]
[BlackElo "2205"]
[PlyCount "61"]
[EventDate "2023.06.22"]
[EventType "swiss"]
[EventRounds "9"]
[EventCountry "CZE"]
[SourceTitle "CBM 215 Extra"]
[Source "ChessBase"]
[SourceDate "2023.09.30"]
[SourceVersion "1"]
[SourceVersionDate "2023.09.30"]
[SourceQuality "1"]

1. d4 Nf6 2. c4 e6 3. Nc3 Bb4 4. e3 0-0 5. Bd3 d5 6. Nge2 b6 7. 0-0 dxc4 8. Bxc4 Bb7 9. f3 c5 10. a3 Bxc3 11. bxc3 Qc7 12. Bd3 e5 13. Bb2 e4 14. fxe4 c4 15. Bb1 Nxe4 16. Rf4 f5 17. Ng3 Nxg3 18. hxg3 g6 19. g4 fxg4 20. Rxf8+ Kxf8 21. Qxg4 Nd7 22. Be4 Kg7 23. Rf1 Re8 24. Bxb7 Qxb7 25. Bc1 Re4 26. Qg5 Qc6 27. Qd8 Qe6 28. a4 h5 29. Rf3 a6 30. Kf1 Rh4 31. Qxh4 1-0

[Event "Oberliga Nord O 2122"]
[Site "Germany"]
[Date "2021.12.12"]
[Round "3.5"]
[White "Moritz, Aron"]
[Black "Leisner, Hannes"]
[Result "1-0"]
[WhiteElo "2208"]
[BlackElo "2247"]
[PlyCount "95"]
[EventDate "2021.10.31"]
[EventType "team-tourn"]
[EventRounds "9"]
[EventCountry "GER"]
[SourceTitle "EXT 2023"]
[Source "ChessBase"]
[SourceDate "2022.10.05"]
[SourceVersion "1"]
[SourceVersionDate "2022.10.05"]
[SourceQuality "1"]
[WhiteTeam "Kreuzberg"]
[BlackTeam "Greifswald"]
[WhiteTeamCountry "GER"]
[BlackTeamCountry "GER"]

1. e4 c5 2. Nf3 e6 3. d4 cxd4 4. Nxd4 a6 5. Bd3 Bc5 6. Nb3 Be7 7. Qg4 g6 8. Qe2 d6 9. a4 Nc6 10. 0-0 Qc7 11. a5 Nf6 12. Bh6 Ne5 13. h3 Bd7 14. N1d2 Rc8 15. f4 Nxd3 16. cxd3 b5 17. axb6 Qxb6+ 18. Kh2 Bb5 19. Rf3 Nd7 20. Nc4 Qb8 21. Nd4 g5 22. Nxb5 axb5 23. Ne3 gxf4 24. Rxf4 Bf6 25. Rxf6 Nxf6 26. Bg7 Ke7 27. Rf1 Nd7 28. Qh5 Rhf8 29. Ng4 d5+ 30. Kh1 dxe4 31. dxe4 Qg3 32. Bxf8+ Rxf8 33. Qxb5 f6 34. Rd1 Qc7 35. Qb4+ Ke8 36. Qb5 Ke7 37. Qb4+ Ke8 38. Qa4 Ke7 39. Qa3+ Ke8 40. Qa4 Ke7 41. Qb5 Rf7 42. b4 Rg7 43. Qd3 h5 44. Ne3 Ne5 45. Qd4 Ke8 46. Rf1 Rd7 47. Qb2 Ke7 48. Qf2 1-0

[Event "GER-ch Net blitz qual5"]
[Site "Playchess.com INT"]
[Date "2020.03.28"]
[Round "2"]
[White "Fischer, Stefan Joachim"]
[Black "Moritz, Aron"]
[Result "0-1"]
[WhiteElo "1673"]
[BlackElo "2212"]
[PlyCount "72"]
[EventDate "2020.03.28"]
[EventType "swiss (blitz)"]
[EventRounds "13"]
[EventCountry "GER"]
[SourceTitle "CBM 195 Extra"]
[Source "ChessBase"]
[SourceDate "2020.05.31"]
[SourceVersion "1"]
[SourceVersionDate "2020.05.31"]
[SourceQuality "1"]

1. e4 c5 2. Nf3 d6 3. Bb5+ Bd7 4. Bxd7+ Nxd7 5. 0-0 Ngf6 6. Qe2 e6 7. b3 Be7 8. Bb2 0-0 9. c4 a6 10. d4 cxd4 11. Nxd4 Qa5 12. Nc3 Rac8 13. Rfd1 Qh5 14. Qxh5 Nxh5 15. g3 g5 16. Kg2 Nhf6 17. f3 Kg7 18. Kf2 Kg6 19. Nce2 h5 20. h4 g4 21. Nc3 gxf3 22. Nxf3 Nc5 23. Ng5 Ng4+ 24. Kf3 f6 25. Nh3 f5 26. Nf4+ Kh6 27. exf5 Rxf5 28. Ne4 Nxe4 29. Kxe4 Nf2+ 30. Ke3 Nxd1+ 31. Rxd1 Rg8 32. Nxe6 Rxg3+ 33. Ke4 Rf2 34. Bc1+ Kh7 35. Bg5 Re2+ 36. Kd5 Re5+ 0-1

[Event "GER-ch Net blitz qual5"]
[Site "Playchess.com INT"]
[Date "2020.03.28"]
[Round "11"]
[White "Kopylov, Michael"]
[Black "Moritz, Aron"]
[Result "1-0"]
[WhiteElo "2407"]
[BlackElo "2212"]
[PlyCount "43"]
[EventDate "2020.03.28"]
[EventType "swiss (blitz)"]
[EventRounds "13"]
[EventCountry "GER"]
[SourceTitle "CBM 195 Extra"]
[Source "ChessBase"]
[SourceDate "2020.05.31"]
[SourceVersion "1"]
[SourceVersionDate "2020.05.31"]
[SourceQuality "1"]

1. d4 Nf6 2. c4 g6 3. g3 Bg7 4. Bg2 0-0 5. Nf3 d6 6. 0-0 c6 7. Nc3 Nbd7 8. e4 e5 9. h3 Qa5 10. Be3 Nb6 11. Qb3 Re8 12. Rfd1 exd4 13. Nxd4 Nfd7 14. Bf1 Qh5 15. Qc2 Ne5 16. g4 Qh4 17. Qc1 h6 18. b3 c5 19. Nde2 Bxg4 20. hxg4 Nxg4 21. Bg2 f5 22. f3 1-0

[Event "GER-ch Net blitz qual5"]
[Site "Playchess.com INT"]
[Date "2020.03.28"]
[Round "13"]
[White "Nagel, Bernhard"]
[Black "Moritz, Aron"]
[Result "0-1"]
[WhiteElo "2188"]
[BlackElo "2212"]
[PlyCount "156"]
[EventDate "2020.03.28"]
[EventType "swiss (blitz)"]
[EventRounds "13"]
[EventCountry "GER"]
[SourceTitle "CBM 195 Extra"]
[Source "ChessBase"]
[SourceDate "2020.05.31"]
[SourceVersion "1"]
[SourceVersionDate "2020.05.31"]
[SourceQuality "1"]

1. d4 Nf6 2. c4 g6 3. Nf3 Bg7 4. g3 0-0 5. Bg2 d6 6. 0-0 c6 7. Nc3 Nbd7 8. h3 e5 9. Kh2 Re8 10. dxe5 dxe5 11. e4 a5 12. b3 Qe7 13. Bb2 Nc5 14. Ba3 b6 15. Qe2 Ba6 16. Na4 Nfd7 17. Nxc5 Nxc5 18. Rfd1 Bf8 19. Ne1 Qc7 20. Qb2 Ne6 21. Bxf8 Rxf8 22. Nc2 Rfd8 23. Qc3 f6 24. h4 Kf7 25. Bh3 Nc5 26. f3 Bc8 27. Bxc8 Raxc8 28. Ne3 Ne6 29. Rxd8 Rxd8 30. Rd1 Nd4 31. Kg2 Rd7 32. Rd3 Qd8 33. Qd2 Ke8 34. Qd1 Kf7 35. Ng4 Kg7 36. Qd2 Kg8 37. Qf2 Qe7 38. Ne3 Ra7 39. Nc2 c5 40. Ne3 a4 41. Nd5 Qd6 42. f4 exf4 43. gxf4 axb3 44. axb3 Ra3 45. Qb2 Ra7 46. b4 Kg7 47. bxc5 bxc5 48. Qb6 Ra2+ 49. Kf1 Qxb6 50. Nxb6 Rc2 51. Ra3 Kh6 52. Ra7 Kh5 53. Rxh7+ Kg4 54. e5 Kf3 55. Ke1 Ke3 56. Kd1 Rb2 57. Kc1 Rxb6 58. exf6 Rxf6 59. h5 gxh5 60. Rxh5 Rxf4 61. Kb2 Ne6 62. Re5+ Re4 63. Rd5 Rxc4 64. Kb3 Re4 65. Kc3 c4 66. Rh5 Nf4 67. Rc5 Ne2+ 68. Kc2 Kd4 69. Rc8 Nf4 70. Rd8+ Nd5 71. Kd2 Rh4 72. Ke2 Rh2+ 73. Kf3 c3 74. Rc8 c2 75. Kg3 Rd2 76. Kf3 Kd3 77. Rc5 Nc3 78. Rd5+ Nxd5 0-1

[Event "GER-ch Net blitz qual3"]
[Site "Playchess.com INT"]
[Date "2020.03.21"]
[Round "7"]
[White "Moritz, Aron"]
[Black "Frischmann, Rick"]
[Result "1/2-1/2"]
[WhiteElo "2212"]
[BlackElo "2335"]
[PlyCount "120"]
[EventDate "2020.03.21"]
[EventType "swiss (blitz)"]
[EventRounds "9"]
[EventCountry "GER"]
[SourceTitle "CBM 195 Extra"]
[Source "ChessBase"]
[SourceDate "2020.05.31"]
[SourceVersion "1"]
[SourceVersionDate "2020.05.31"]
[SourceQuality "1"]

1. e4 c6 2. d4 d5 3. exd5 cxd5 4. Bd3 Nc6 5. c3 Nf6 6. Bf4 Bg4 7. Qb3 Qc8 8. Nd2 e6 9. Ngf3 Be7 10. 0-0 0-0 11. Qc2 Bh5 12. Ne5 Bg6 13. Nxg6 hxg6 14. Nf3 a6 15. Qd2 b5 16. b4 Qb7 17. a3 Rac8 18. Qe2 Nb8 19. Rfc1 Ne4 20. Bxe4 dxe4 21. Nd2 f5 22. a4 Qc6 23. f3 exf3 24. Nxf3 Nd7 25. axb5 axb5 26. Ra5 Qe4 27. Qd2 Nb6 28. Re1 Qd5 29. Re5 Qd7 30. Rexb5 Nc4 31. Ne5 Qxb5 32. Rxb5 Nxd2 33. Bxd2 Kh7 34. Rb6 Bf6 35. Nd3 Rfe8 36. Kf2 e5 37. dxe5 Bxe5 38. Nc5 Red8 39. Be1 Bd6 40. Ne6 Rd7 41. Kf3 Re8 42. Ng5+ Kg8 43. c4 Rxe1 44. c5 Bf8 45. c6 Rc7 46. b5 Re8 47. Ra6 Rb8 48. Ne6 Re7 49. c7 Rbe8 50. b6 Rxe6 51. b7 Re3+ 52. Kf2 Re2+ 53. Kf3 R8e3+ 54. Kf4 Re4+ 55. Kf3 R2e3+ 56. Kf2 Re2+ 57. Kf1 Re1+ 58. Kf2 R1e2+ 59. Kf3 R2e3+ 60. Kf2 Re2+ 1/2-1/2

[Event "GER-ch Net blitz qual2"]
[Site "Playchess.com INT"]
[Date "2020.03.16"]
[Round "9"]
[White "Moritz, Aron"]
[Black "Trifan, Andrei Ioan"]
[Result "1/2-1/2"]
[WhiteElo "2212"]
[BlackElo "2249"]
[PlyCount "43"]
[EventDate "2020.03.16"]
[EventType "swiss (blitz)"]
[EventRounds "9"]
[EventCountry "GER"]
[SourceTitle "CBM 195 Extra"]
[Source "ChessBase"]
[SourceDate "2020.05.31"]
[SourceVersion "1"]
[SourceVersionDate "2020.05.31"]
[SourceQuality "1"]

1. e4 e5 2. Nf3 Nc6 3. Bc4 Bc5 4. c3 Nf6 5. d3 a6 6. Bb3 d6 7. Nbd2 0-0 8. h3 Ba7 9. 0-0 h6 10. Re1 Re8 11. Nf1 Be6 12. Ng3 d5 13. Qe2 Qd7 14. Nh4 Bxh3 15. exd5 Na5 16. gxh3 Qxh3 17. Nhf5 Ng4 18. Be3 Qh2+ 19. Kf1 Qh3+ 20. Kg1 Qh2+ 21. Kf1 Qh3+ 22. Kg1 1/2-1/2

[Event "Oberliga Nord O 1920"]
[Site "Germany"]
[Date "2020.03.01"]
[Round "7.4"]
[White "Urban, Hans Rainer"]
[Black "Moritz, Aron"]
[Result "1/2-1/2"]
[WhiteElo "2030"]
[BlackElo "2210"]
[PlyCount "92"]
[EventDate "2019.09.29"]
[EventType "team-tourn"]
[EventRounds "9"]
[EventCountry "GER"]
[SourceTitle "CBM 195 Extra"]
[Source "ChessBase"]
[SourceDate "2020.05.31"]
[SourceVersion "1"]
[SourceVersionDate "2020.05.31"]
[SourceQuality "1"]

1. e4 c5 2. a3 d6 3. Nc3 Nc6 4. Bc4 g6 5. d3 Bg7 6. h3 e6 7. Nf3 Nge7 8. 0-0 0-0 9. Rb1 h6 10. Re1 a6 11. Ne2 b5 12. Ba2 Bb7 13. Be3 Kh7 14. d4 cxd4 15. Nexd4 Ne5 16. Nd2 Rc8 17. Qe2 d5 18. f4 N5c6 19. Nxc6 Rxc6 20. c3 dxe4 21. Nxe4 Qc7 22. Rbd1 Nf5 23. Bc1 Nd6 24. Bb1 Rd8 25. Nxd6 Rcxd6 26. Rxd6 Qxd6 27. Be4 Bxe4 28. Qxe4 Bf6 29. g3 Rd7 30. Kf2 Bd8 31. Be3 Bb6 32. Bxb6 Qxb6+ 33. Qe3 Qc6 34. Qe2 Qc5+ 35. Kg2 Qd5+ 36. Kf2 a5 37. Qe4 Qc5+ 38. Qe3 Qc4 39. Re2 Rd1 40. Qe5 Qc6 41. Qe4 Qc5+ 42. Qe3 Qf5 43. g4 Qb1 44. Kg2 Rd7 45. Qf2 Qd1 46. Qf1 Qd5+ 1/2-1/2

[Event "Oberliga Nord O 1819"]
[Site "Germany"]
[Date "2018.10.21"]
[Round "1.3"]
[White "Moritz, Aron"]
[Black "Dettmann, Gerd"]
[Result "1-0"]
[WhiteElo "2194"]
[BlackElo "2155"]
[PlyCount "63"]
[EventDate "2018.10.21"]
[EventType "team-tourn"]
[EventRounds "9"]
[EventCountry "GER"]
[SourceTitle "EXT 2020"]
[Source "ChessBase"]
[SourceDate "2019.10.17"]
[SourceVersion "1"]
[SourceVersionDate "2019.10.17"]
[SourceQuality "1"]
[WhiteTeam "Kreuzberg"]
[BlackTeam "Guestrow/Teterow"]
[WhiteTeamCountry "GER"]
[BlackTeamCountry "GER"]

1. e4 c5 2. Nf3 d6 3. d4 cxd4 4. Nxd4 Nf6 5. Nc3 a6 6. Be3 e5 7. Nb3 Be6 8. Qd2 Nbd7 9. 0-0-0 Be7 10. f4 Ng4 11. g3 Nxe3 12. Qxe3 0-0 13. Kb1 b5 14. f5 Bxb3 15. cxb3 Nb8 16. h4 Nc6 17. Nd5 Nd4 18. Rc1 Ra7 19. Bd3 Re8 20. Rc6 Rb7 21. Rhc1 Bf8 22. Rc7 Rxc7 23. Rxc7 h6 24. Qc1 Qa8 25. g4 a5 26. g5 Qd8 27. Rb7 Qc8 28. Rc7 Qd8 29. f6 g6 30. gxh6 Re6 31. Rc8 Qd7 32. Rxf8+ 1-0

[Event "Berlin Kreuzberg"]
[Site "Berlin"]
[Date "2018.08.09"]
[Round "4"]
[White "Moritz, Aron"]
[Black "Sandu, Mihaela"]
[Result "0-1"]
[WhiteElo "2199"]
[BlackElo "2268"]
[PlyCount "110"]
[EventDate "2018.08.06"]
[EventType "tourn"]
[EventRounds "9"]
[EventCountry "GER"]
[EventCategory "4"]
[SourceTitle "CBM 185 Extra"]
[Source "ChessBase"]
[SourceDate "2018.07.29"]
[SourceVersion "1"]
[SourceVersionDate "2018.07.29"]
[SourceQuality "1"]

1. e4 c5 2. Nf3 d6 3. d4 cxd4 4. Nxd4 Nf6 5. Nc3 a6 6. Be3 e6 7. f4 b5 8. Qf3 Bb7 9. Bd3 Nbd7 10. g4 b4 11. Nce2 Nc5 12. Ng3 Nfd7 13. 0-0 g6 14. g5 Bg7 15. a3 Nxd3 16. cxd3 bxa3 17. bxa3 0-0 18. Rab1 Rb8 19. Qf2 Nc5 20. Nb3 Na4 21. Ba7 Rc8 22. Bd4 e5 23. Be3 exf4 24. Qxf4 Be5 25. Qf2 Nc3 26. Rbe1 d5 27. Bc5 Bd6 28. e5 Be7 29. Bxe7 Qxe7 30. Qf6 Rc7 31. Nd4 Bc8 32. Rc1 Qc5 33. Rf4 Qxa3 34. Rcf1 Qe7 35. Rh4 Qxf6 36. exf6 Re8 37. Rff4 Nd1 38. Rh6 Rc1 39. Nde2 Rb1 40. h3 Nc3+ 41. Kf2 Nxe2 42. Rfh4 Nxg3 43. Kxg3 Rg1+ 44. Kf4 Rf1+ 45. Kg3 Rf5 46. Rxh7 Rxg5+ 47. Kf4 Rf5+ 48. Kg3 Re3+ 49. Kg2 Rh5 50. Rg7+ Kf8 51. Rxh5 gxh5 52. Rh7 Ke8 53. Rh8+ Kd7 54. Rf8 Re8 55. Rxf7+ Ke6 0-1

[Event "Berlin Kreuzberg"]
[Site "Berlin"]
[Date "2018.08.06"]
[Round "1"]
[White "Berger, Steve"]
[Black "Moritz, Aron"]
[Result "1/2-1/2"]
[WhiteElo "2428"]
[BlackElo "2199"]
[PlyCount "96"]
[EventDate "2018.08.06"]
[EventType "tourn"]
[EventRounds "9"]
[EventCountry "GER"]
[EventCategory "4"]
[SourceTitle "CBM 185 Extra"]
[Source "ChessBase"]
[SourceDate "2018.07.29"]
[SourceVersion "1"]
[SourceVersionDate "2018.07.29"]
[SourceQuality "1"]

1. e4 c5 2. Nc3 Nc6 3. Nge2 g6 4. h4 h5 5. d4 cxd4 6. Nxd4 Bg7 7. Nb3 Nf6 8. Bg5 0-0 9. Be2 d6 10. 0-0 a6 11. a4 Be6 12. Re1 Rc8 13. Bf1 Ne5 14. Nd5 Nc4 15. Bxc4 Rxc4 16. c3 Re8 17. Nd4 Bxd5 18. exd5 Rc5 19. Qf3 Qc8 20. Bxf6 Bxf6 21. Nb3 Rc4 22. g3 Qh3 23. Nd2 Rcc8 24. Re3 Kg7 25. Ne4 Qf5 26. Qd1 Red8 27. Qd3 Be5 28. Rae1 Qg4 29. Kg2 Rb8 30. b3 b5 31. axb5 axb5 32. R1e2 Rdc8 33. f3 Qf5 34. Ra2 Rc7 35. Ra6 Rbc8 36. Rc6 Rxc6 37. dxc6 b4 38. cxb4 Rxc6 39. b5 Rb6 40. Qc4 Qd7 41. Nc3 Bxc3 42. Qxc3+ f6 43. Qa5 Rxb5 44. Rxe7+ Qxe7 45. Qxb5 Qe3 46. Qd7+ Kh6 47. Qxd6 Qe2+ 48. Kg1 Qe1+ 1/2-1/2

[Event "BL2-Nord 1516"]
[Site "Germany"]
[Date "2016.01.31"]
[Round "6.4"]
[White "Stachowiak, Kamil"]
[Black "Moritz, Aron"]
[Result "1/2-1/2"]
[WhiteElo "2425"]
[BlackElo "2134"]
[PlyCount "70"]
[EventDate "2015.09.19"]
[EventType "team-tourn"]
[EventRounds "9"]
[EventCountry "GER"]
[SourceTitle "EXT 2017"]
[Source "ChessBase"]
[SourceDate "2016.10.25"]
[SourceVersion "1"]
[SourceVersionDate "2016.10.25"]
[SourceQuality "1"]
[WhiteTeam "Zehlendorf"]
[BlackTeam "Kreuzberg"]
[WhiteTeamCountry "GER"]
[BlackTeamCountry "GER"]

1. d4 Nf6 2. c4 g6 3. Nf3 Bg7 4. g3 0-0 5. Bg2 d6 6. 0-0 Nbd7 7. Nc3 e5 8. e4 c6 9. h3 Qa5 10. Re1 exd4 11. Nxd4 Ne5 12. Bf1 Re8 13. Be3 c5 14. Nb3 Qb4 15. Bd2 Qb6 16. f4 Nc6 17. Bg2 Be6 18. Nd5 Bxd5 19. cxd5 Nb4 20. Bc3 Nfxd5 21. Bxg7 Kxg7 22. exd5 Rxe1+ 23. Qxe1 c4+ 24. Kh2 cxb3 25. axb3 Rc8 26. Qe4 Rc2 27. Rf1 a5 28. h4 Rxb2 29. h5 Rf2 30. Qe7 Rxf1 31. h6+ Kxh6 32. Qf8+ Kh5 33. Qe7 Kh6 34. Qf8+ Kh5 35. Qe7 Kh6 1/2-1/2

[Event "BL2-Nord 1516"]
[Site "Germany"]
[Date "2016.01.17"]
[Round "5.6"]
[White "Moritz, Aron"]
[Black "Von Herman, Ulf"]
[Result "1/2-1/2"]
[WhiteElo "2139"]
[BlackElo "2369"]
[PlyCount "126"]
[EventDate "2015.09.19"]
[EventType "team-tourn"]
[EventRounds "9"]
[EventCountry "GER"]
[SourceTitle "EXT 2017"]
[Source "ChessBase"]
[SourceDate "2016.10.25"]
[SourceVersion "1"]
[SourceVersionDate "2016.10.25"]
[SourceQuality "1"]
[WhiteTeam "Kreuzberg"]
[BlackTeam "Koenig Tegel"]
[WhiteTeamCountry "GER"]
[BlackTeamCountry "GER"]

1. e4 c6 2. d4 d5 3. exd5 cxd5 4. Bd3 Nc6 5. c3 Qc7 6. h3 Nf6 7. Ne2 g6 8. Bf4 Qb6 9. Qb3 Bf5 10. Bxf5 gxf5 11. Nd2 e6 12. Nf3 Be7 13. Ne5 h5 14. h4 Ne4 15. Nd3 Qa6 16. 0-0-0 Na5 17. Qc2 Nc4 18. Kb1 Rc8 19. Ka1 b6 20. f3 Nf6 21. Ne5 Nd7 22. Nd3 Qb7 23. Rdg1 a5 24. g4 hxg4 25. fxg4 fxg4 26. Rxg4 Nf6 27. Rg7 Nd6 28. Be5 Rh6 29. Qd2 Rh7 30. Qf4 Nde4 31. Ng3 Nd7 32. Nxe4 dxe4 33. Rg8+ Nf8 34. Nf2 Kd7 35. Qxe4 Qxe4 36. Nxe4 Bxh4 37. Bf6 Ng6 38. Rxc8 Kxc8 39. Bxh4 Rxh4 40. Rxh4 Nxh4 41. Nd6+ Kd7 42. Nxf7 Nf3 43. Kb1 Kc6 44. Kc2 Kd5 45. Kd3 b5 46. b3 Ne1+ 47. Kd2 Ng2 48. Ne5 Nf4 49. Nd3 Ng2 50. a3 Nh4 51. Nf4+ Kd6 52. Kd3 Nf3 53. Ke2 Nh4 54. c4 bxc4 55. bxc4 e5 56. c5+ Kc6 57. dxe5 Kxc5 58. Kd3 Nf3 59. e6 Ne5+ 60. Kc3 Nc6 61. Kb3 Kb5 62. a4+ Kc5 63. Kc3 Ne7 1/2-1/2

[Event "BL2-Nord 1415"]
[Site "Germany"]
[Date "2015.02.22"]
[Round "7.5"]
[White "Kololli, Martin"]
[Black "Moritz, Aron"]
[Result "1-0"]
[WhiteElo "2200"]
[BlackElo "2177"]
[PlyCount "79"]
[EventDate "2014.09.21"]
[EventType "team-tourn"]
[EventRounds "9"]
[EventCountry "GER"]
[SourceTitle "CBM 166 Extra"]
[Source "ChessBase"]
[SourceDate "2015.06.18"]
[SourceVersion "1"]
[SourceVersionDate "2015.06.18"]
[SourceQuality "1"]
[WhiteTeam "Luebeck"]
[BlackTeam "Berlin SF II"]
[WhiteTeamCountry "GER"]
[BlackTeamCountry "GER"]

1. e4 c5 2. c3 Nf6 3. e5 Nd5 4. d4 cxd4 5. Nf3 Nc6 6. Bc4 Nb6 7. Bb3 d6 8. exd6 Qxd6 9. 0-0 Bf5 10. Na3 dxc3 11. Nb5 Qxd1 12. Rxd1 Rc8 13. bxc3 a6 14. Be3 axb5 15. Bxb6 e6 16. a4 bxa4 17. Bxa4 Be7 18. Bxc6+ bxc6 19. Ra7 c5 20. Ne5 f6 21. Rdd7 0-0 22. Nc4 Bd8 23. g4 Bg6 24. Rxg7+ Kh8 25. Bxd8 Rfxd8 26. g5 fxg5 27. Ne5 Rd5 28. Nxg6+ hxg6 29. Rxg6 Re5 30. Re7 Rc6 31. Reg7 Re1+ 32. Kg2 Rc1 33. Rxg5 Rxc3 34. Rg8+ Kh7 35. R5g7+ Kh6 36. Rg4 Kh7 37. R8g5 Kh6 38. f4 Rc2+ 39. Kg3 Rc3+ 40. Kh4 1-0